Statistics for Battle Scars - Lyrics

Click here to take the quiz!

General Stats

  • This quiz has been taken 4 times
  • The average score is 387 of 427

Answer Stats

% Correct
a
100%
A
100%
alive
100%
all
100%
alone
100%
an
100%
and
100%
anthem
100%
are
100%
Are.
100%
battle
100%
be
100%
beaten
100%
Better
100%
broke,
100%
But
100%
call
100%
can
100%
can't
100%
carry
100%
days
100%
defeated
100%
do
100%
Do
100%
don't,
100%
don't
100%
Don't.
100%
enough
100%
fear
100%
fighters
100%
Fighting
100%
fighting
100%
fly
100%
fly ?
100%
for
100%
For
100%
found
100%
give
100%
goodbye
100%
got
100%
Got
100%
ground?
100%
ground
100%
grow
100%
guns
100%
had
100%
heart
100%
heartsick
100%
home
100%
homesick
100%
Hope,
100%
Hope
100%
how
100%
I
100%
if
100%
I'll
100%
in
100%
innocent,
100%
Is.
100%
is
100%
Just
100%
just
100%
Keep
100%
know
100%
last
100%
learned
100%
life,
100%
life?
100%
little
100%
Living
100%
living
100%
lost,
100%
make-believe
100%
March.
100%
marching
100%
much
100%
near
100%
No,
100%
not,
100%
not
100%
of
100%
on?
100%
On.
100%
on...
100%
On
100%
on,
100%
on
100%
our
100%
play
100%
remember
100%
right
100%
right,
100%
righteous
100%
room
100%
scars
100%
shadow
100%
side
100%
so
100%
So
100%
soldiers
100%
song
100%
Stick
100%
still
100%
strong?
100%
strong
100%
stronger
100%
stuck,
100%
than
100%
that
100%
The
100%
the
100%
then?
100%
this
100%
This
100%
This.
100%
time
100%
to
100%
up
100%
we
100%
We
100%
were
100%
we're
100%
We've
100%
we've,
100%
we've
100%
when
100%
Who
100%
Worth.
100%
worth
100%
You
100%
you
100%
You.
100%
young,
100%
young
100%
your
100%
You're
100%
you're
100%
You've
100%
along
67%
as
67%
back
67%
before
67%
brighter
67%
broken
67%
chance
67%
could
67%
dark
67%
dream,
67%
even
67%
ever
67%
fall
67%
fire
67%
have
67%
heartbeat
67%
it
67%
jump,
67%
kid
67%
kid,
67%
kings
67%
left,
67%
Left,
67%
light
67%
me
67%
Moving
67%
one,
67%
one
67%
pulse
67%
queens
67%
scared
67%
Stop.
67%
there
67%
There's
67%
they
67%
They
67%
twice
67%
want
67%
Want
67%
We'd
67%
We'll
67%
What
67%
why
67%
"Why
67%
Will
67%
will
67%
belief
33%
bother
33%
Burner
33%
by?
33%
drown
33%
'em
33%
feet
33%
it's
33%
I've
33%
lack
33%
life's
33%
like
33%
Like
33%
luck
33%
Man,
33%
misery's
33%
pass
33%
quicker
33%
record.
33%
sacrifice?
33%
say
33%
Sit,
33%
tell
33%
that's
33%
Thinking,
33%
travel
33%
unfair?"
33%
wait,
33%
waiting
33%
waste
33%
would
33%
standys
0%

Score Distribution

Percentile by Number Answered

Percent of People with Each Score

Your Score History

You have not taken this quiz